| 000 | 00619nam a22001697a 4500 | ||
|---|---|---|---|
| 999 |
_c17424 _d17424 |
||
| 008 | 190212b xxu||||| |||| 00| 0 eng d | ||
| 040 |
_aKABU _cKABU |
||
| 050 |
_aBF637 _b.C6G55 2017 c. 1 |
||
| 100 | _aGikonyo, Rebecca W. | ||
| 245 |
_aThe effectiveness of counseling strategies and rehabilitation centers in curbing consumption of illicit brews in Laikipia county, Kenya _cRebecca W. Gikonyo |
||
| 260 |
_aKabarak, Nakuru _bKabarak university _c2017 |
||
| 300 |
_axx, leaves p. _eCD-ROM |
||
| 650 | _aCounseling psychology | ||
| 700 | _aAwino, J.O. | ||
| 700 | _aOmbati, Paul | ||
| 942 |
_2lcc _cTHE _hBF637 _kThe |
||